01552nas a2200241Ia 4500001001100000003001000011008004100021040002500062041001400087100001900101210001900120222001900139245007900158250001100237260005100248300001100299310001600310362002200326500040900348501011400757520040900871650003001280R220-R1911IT-CnALBA170116c99999999xx |||||||||||| ||und|| aIT-CnALBAcIT-CnALBA aFRANCESE  aDHEILLY JOSEPH aEN CE TEMPS LA aEN CE TEMPS LA 0aEN CE TEMPS-LA'. LA BIBLE. PSAUMES 1-32. PUBLICATION HEBDOMADAIRE. N. 44.  a1a ed. a ODEGE BRUXEL.bFEMMES D'AUJOURD'HUI ED.cn.d. a32 p.  aSETTIMANALE aFascicolo: 44 /  aDIO LUCE. SALMI 1 32. PREGHIERA UNIVERSALE. GOLDSTAIN DOM J. DAIX G. STRUMENTI MUSICALI. ATTUALE SALTERIO. MUSICA. LE DUE VIE. MESSIA. PREGHIERA DELLA SERA. PENITENZA. INNO AL CREATORE. RINGRAZIAMENTO. CONFIDENZA IN DIO. L'EMPIO. IL FEDELE. RINGRAZIAMENTO DOPO LA VITTORIA. INNO ALLA PROVVIDENZA. PERSONAGGI E TERMINI BIBLICI. DIO DEI POVERI. RISPOSTE AI LETTORI. GRANDI IMMAGINI DELL'ANTICO TESTAMENTO.  aSocietà San Paolo EM - Piazza San Paolo, 14 - 12051 ALBA (CN) (non commercial uses only) ® Copyright 2017 aDIO LUCE. SALMI 1 32. PREGHIERA UNIVERSALE. GOLDSTAIN DOM J. DAIX G. STRUMENTI MUSICALI. ATTUALE SALTERIO. MUSICA. LE DUE VIE. MESSIA. PREGHIERA DELLA SERA. PENITENZA. INNO AL CREATORE. RINGRAZIAMENTO. CONFIDENZA IN DIO. L'EMPIO. IL FEDELE. RINGRAZIAMENTO DOPO LA VITTORIA. INNO ALLA PROVVIDENZA. PERSONAGGI E TERMINI BIBLICI. DIO DEI POVERI. RISPOSTE AI LETTORI. GRANDI IMMAGINI DELL'ANTICO TESTAMENTO.  aBIBBIA - TESTI E COMMENTI